Central Library OPAC University of Rajshahi

Principles & precedents of conveyancing draftsman, interpretation of deeds & documents : (Record no. 10484)

MARC details
000 -LEADER
fixed length control field 00728cam a2200229u 4500
001 - CONTROL NUMBER
control field 10484
003 - CONTROL NUMBER IDENTIFIER
rucl marc code BD-RjUL
005 - DATE AND TIME OF LATEST TRANSACTION
control field 20211208234949.0
008 - FIXED-LENGTH DATA ELEMENTS--GENERAL INFORMATION
fixed length control field 230114s1963 ii k 000 0 eng
035 ## - SYSTEM CONTROL NUMBER
System control number (BD-RjUL)10532
040 ## - CATALOGING SOURCE
Original cataloging agency DLC
Transcribing agency CarP
Modifying agency DLC
-- BD-RjUL
Language of cataloging eng
041 ## - LANGUAGE CODE
Language code of text/sound track or separate title eng
082 ## - DEWEY DECIMAL CLASSIFICATION NUMBER
Classification number 347.2
Author mark and year KOP 1972
100 1# - MAIN ENTRY--PERSONAL NAME
Personal name Kothari, Ganpatlal M.
9 (RLIN) 32388
245 10 - TITLE STATEMENT
Title Principles & precedents of conveyancing draftsman, interpretation of deeds & documents :
Remainder of title with law terms & phrases and 872 model forms /
Statement of responsibility, etc. G. M. Kothari
260 ## - PUBLICATION, DISTRIBUTION, ETC. (IMPRINT)
Place of publication, distribution, etc. Allahabad,
Name of publisher, distributor, etc. Law Book Co.,
Date of publication, distribution, etc. 1972.
300 ## - PHYSICAL DESCRIPTION
Pagination v.:
Size 25 cm.
505 ## - FORMATTED CONTENTS NOTE
Formatted contents note Vol. 1-- V. 2--
650 #0 - SUBJECT ADDED ENTRY--TOPICAL TERM
Topical term or geographic name as entry element Conveyancing
Geographic subdivision India.
9 (RLIN) 15913
942 ## - ADDED ENTRY ELEMENTS (KOHA)
Source of classification or shelving scheme Dewey Decimal Classification
Koha item type Books
Holdings
Lost status Source of classification or shelving scheme Damaged status Not for loan Collection code Permanent Location Current Location Shelving location Date acquired Source of acquisition Cost, normal purchase price Total Checkouts Full call number Date last seen Copy number Koha item type
  Dewey Decimal Classification   Not For Loan Non-fiction Central Library, University of Rajshahi Central Library, University of Rajshahi Reading Room 25/08/1973 WARSI BK 93.35   347.2 KOP V-2 1972 23/01/2014 C-1 Books
  Dewey Decimal Classification     Non-fiction Central Library, University of Rajshahi Central Library, University of Rajshahi   25/08/1973 Warsi Book Corporation 93.35   347.2 KOP V-1 1972 10/08/2016 C-2 Books
  Dewey Decimal Classification     Non-fiction Central Library, University of Rajshahi Central Library, University of Rajshahi   25/08/1973 Warsi Book Corporation 93.35   347.2 KOP V-1 1972 10/08/2016 C-3 Books
  Dewey Decimal Classification     Non-fiction Central Library, University of Rajshahi Central Library, University of Rajshahi   25/08/1973 Warsi Book Corporation 93.35   347.2 KOP V-2 1972 10/08/2016 C-3 Books